Statistiques concernant La Grèce par image

Cliquez ici pour prendre le quiz!

Statistiques générales

  • Ce quiz a été pris 937 fois
  • Le résultat moyen est 14 sur 18

Statistiques - réponses

Réponse% Correct
Athènes
98%
Jeux Olympiques
96%
Omega
94%
Crète
91%
Mer Égée
89%
Poséidon
89%
Parthénon
87%
Socrate
87%
Alexandre le Grand
86%
Démocratie
83%
Minotaure
82%
Géométrie
80%
Rhodes
74%
Artémis
73%
Moussaka
59%
Santorin
58%
Tzatzíki
56%
Hoplite
46%

Distribution des résultats

Percentile par nombre de réponses

% des personnes avec chaque résultat

Votre développement - résultats

Vous n’avez pas pris ce quiz